000 01088nam a2200241Ia 4500
003 OSt
005 20200930152119.0
008 191128s1993 ck ao gr 000 0dspa d
040 _aCO-JMCR
_cCO-JMCR
041 0 _aspa
082 0 4 _a923.582 /
_bC371g
_223
100 1 _aCacua Prada, Antonio,
_eautor
_910932
245 1 3 _aEl general José de San Martín :
_blibertador del sur /
_cAntonio Cacua Prada
260 _aBogotá :
_bUniversidad Central,
_c1993
300 _a204 páginas :
_bfotografías a blanco y negro ;
_c21 cm.
500 _aIncluye datos biográficos del autor en solapa posterior.
504 _aBibliografía: páginas 187-200
505 0 _aEl general San Martín libertador del sur -- Acontecimientos en Chile --La batalla de Chacabuco -- La victoria de Maipú -- La expedición al Perú -- Independencia de Guayaquil -- La entrevista de Guayaquil -- De regreso a Lima -- El exilio en Europa
600 1 4 _aSan Martín, José de,
_y1778-1850
_911039
650 1 4 _aAcontecimientos
_zChile
_911040
650 1 4 _aIndependencia
_zGuayaquil
_911041
942 _2ddc
_cBK
999 _c4282
_d4282